Every Nickelodeon Cartoon Ever Aired - Statistics

General Stats
  • This quiz has been taken 97 times
  • The average score is 22 of 61
Answer Stats
Premiere year Name % Correct
1999 SpongeBob SquarePants
95%
1991 Rugrats
79%
2021 Rugrats
79%
2001 The Fairly OddParents
75%
2016 The Loud House
68%
1996 Hey Arnold!
63%
1998 CatDog
57%
2002 The Adventures of Jimmy Neutron, Boy Genius
57%
1991 Doug
53%
2004 Danny Phantom
52%
2004 Avatar: The Last Airbender
49%
2001 Invader Zim
49%
1993 Rocko's Modern Life
44%
2003 All Grown Up!
43%
1997 The Angry Beavers
43%
2009 Fanboy & Chum Chum
41%
2021 The Patrick Star Show
41%
2003 My Life as a Teenage Robot
40%
1999 Rocket Power
40%
2008 The Mighty B!
40%
1998 The Wild Thornberrys
40%
2010 T.U.F.F Puppy
40%
1994 Aaahh!!! Real Monsters
39%
2000 As Told by Ginger
37%
2013 Sanjay and Craig
37%
2012 Teenage Mutant Ninja Turtles
37%
2002 ChalkZone
36%
2008 The Penguins of Madagascar
36%
2021 Kamp Koral: SpongeBob's Under Years
33%
2010 Planet Sheen
33%
2019 The Casagrandes
33%
2014 Breadwinners
32%
2007 Back at the Barnyard
31%
2005 Catscratch
31%
2012 The Legend of Korra
31%
2007 El Tigre: The Adventures of Manny Rivera
29%
1996 KaBlam!
28%
2024 Rock Paper Scissors
28%
2015 Harvey Beaks
27%
2024 The Fairly OddParents: A New Wish
27%
2005 The X's
27%
2015 Pig Goat Banana Cricket
25%
2012 Robot and Monster
24%
2011 Winx Club
24%
2017 Bunsen is a Beast
23%
2011 Kung Fu Panda: Legends of Awesomeness
23%
2013 Monsters vs. Aliens
23%
2018 Rise of the Teenage Mutant Ninja Turtles
23%
2007 Tak and the Power of Juju
23%
2022 Big Nate
21%
2020 It's Pony
21%
1998 Oh Yeah! Cartoons
21%
2018 The Adventures of Kid Danger
21%
2021 Middlemost Post
20%
2022 Monster High
20%
2017 Welcome to the Wayne
20%
2024 Max & the Midknights
19%
2019 Middle School Moguls
17%
2021 Star Trek: Prodigy
17%
1991 The Ren & Stimpy Shows
17%
2022 Transformers: EarthSpark
17%
No matching quizzes found
Score Distribution
Percent of People with Each Score
Percentile by Number Answered
Your Score History
You have not taken this quiz